000
00311nam a2200133Ia 4500
008
191201s2008 xx 000 0 und d
100
_a
PUNMIA, BC
245
0
_a
Building Construction
250
_a
Rep
260
_c
2008
_b
Laxmi Publications
_a
New Delhi
300
_a
666+6
650
_a
CIVIL
942
_2
ddc
_c
BB
999
_c
7606
_d
7606